000 00562nam a2200229Ia 4500
003 0100
008 130303s9999 xx 000 0 und d
020 _a0043701957
040 _cARRUPELIB
050 _aLB1027.9.J64
100 _aJohnson, Daphne
245 _aParental choice in education
260 _aLondon
260 _bUnwin Hyman
260 _C1990
300 _a180p.
300 _b 23 cm
440 _aKey issues in education
650 _bMusic--History and criticism--18th century
650 _cClassicism in music
942 _2lcc
_01
999 _c65616
_d65616